000 00646nam a2200265Ia 4500
005 20260121171013.0
008 008 260114s9999 xx 000 0 eng d
020 _a9783030046545
037 _aEBOOK
040 _aCRL
040 _beng
040 _cCRL
041 _2eng
041 _aeng
084 _qCRL
100 _aLuca Pitteloud, Evan Keeling
_91070843
245 0 _aPsychology and Ontology in Plato
260 _bSpringer
260 _bSpringer
260 _c2019
856 _uhttps://link.springer.com/openurl?genre=book&isbn=978-3-030-04654-5
942 _cEBOOK
999 _c1636573
_d1636573